1203 1444 1029 1708 1721 1659 1085 1396 1324 1275 1412 1808 1286 1689 1171 1989 1225 1465 1876 1534 1647 1583 1891 1539 1278 1226 1348 1839 1772 1657 1556 1318 1076 1037 1957 1549 1764 1335 1111 1869 1689 1079 1128 1672 1446 1845 1973 1785 1947 1001 1392 1507 1683 1811 1717 1183 1774 1442 1182 1804 1442 1631 1812 1465 1236 1662 1017 1785 1010 1494 1274 1132 1942 1951 1688 1752 1403 1545 1797 1973 1477 1661 1803 1193 1039 1540 1365 1362 1246 1430 1067 1064 1563 1684 1620 1392 1291 1591 1499 BCNSPRNW ULIB Ver.6.0+V

เปลี่ยนเป็นภาษาไทย

Change to English
 แสดงรายละเอียดบรรณานุกรม
  กลับหน้าหลัก

Brief Record : Get Marc (ISO 2709) : E-mail record : QR code < ปิดหน้าต่าง
LEADER : 00000nam 2200000uu 4500
001    13399121818
003     ULIB
008    121207s2546||||th 000 0 tha d
020    ^a9743282262
060 04 ^aWP100^bย356น
245 00 ^aนรีเวชวิทยา /^cยุทธพงศ์ วีระวัฒนตระกูล ... [และคนอื่นๆ]
250    ^aพิมพ์ครั้งที่ 1
260    ^aขอนแก่น :^bภาควิชาสูติศาสตร์และนรีเวชวิทยา คณะแพทยศาสตร์มหาวิทยาลัยขอนแก่น,^c2546
300    ^avii, 514 หน้า :^bภาพประกอบ ;^c30 ซม.
650  7 ^aนรีเวชวิทยา
700 0  ^aยุทธพงศ์ วีระวัฒนตระกูล
710 2  ^aมหาวิทยาลัยขอนแก่น. ^bคณะแพทยศาสตร์.^bภาควิชาสูติศาสตร์และนรีเวชวิทยา
945    ^p333^l0^i12702
945    ^p333^l0^i12703
945    ^p333^l0^i12705
945    ^p333^l0^i12706
995    ^aทศพร
999    ^aทศพร เกษรทอง
รายการนี้ยังไม่มีแท็ก
คุณยังไม่ได้ล็อกอิน คุณสามารถมีกิจกรรมร่วมกับเว็บไซต์ได้ แต่ต้องล็อกอินก่อน ::
  ล็อกอิน

รายการสื่อสารสนเทศ

ลำดับที่ ประเภท เลขเรียก/บาร์โค้ด สถานที่ สถานะ
1. วิทยาศาสตร์การแพทย์ และสุขภาพ
วิทยาศาสตร์การแพทย์ และสุขภาพ
WP100 ย356น ฉ.1 
  Barcode: 12702
ห้องสมุดวิทยาเขตสวรรค์ประชารักษ์
►หนังสือทั่วไป
บนชั้น
2. วิทยาศาสตร์การแพทย์ และสุขภาพ
วิทยาศาสตร์การแพทย์ และสุขภาพ
WP100 ย356น ฉ.2 
  Barcode: 12703
ห้องสมุดวิทยาเขตสวรรค์ประชารักษ์
►หนังสือทั่วไป
บนชั้น
3. วิทยาศาสตร์การแพทย์ และสุขภาพ
วิทยาศาสตร์การแพทย์ และสุขภาพ
WP100 ย356น ฉ.4 
  Barcode: 12705
ห้องสมุดวิทยาเขตสวรรค์ประชารักษ์
►หนังสือทั่วไป
บนชั้น
4. วิทยาศาสตร์การแพทย์ และสุขภาพ
วิทยาศาสตร์การแพทย์ และสุขภาพ
WP100 ย356น ฉ.6 
  Barcode: 12706
ห้องสมุดวิทยาเขตสวรรค์ประชารักษ์
►หนังสือทั่วไป
บนชั้น

รายการใกล้เคียง
    หัวเรื่อง [นรีเวชวิทยา]

BibComment


ยังไม่เคยถูกคอมเมนท์

คอมเมนท์ทรัพยากรรายการนี้
  คอมเมนท์: นรีเวชวิทยา ยุท..


 Copyright 2026. Bcnsprnw @Library